Pokémon les plus grands - Statistiques

Statistiques générales
  • Ce quiz a été pris 113 fois
  • Le résultat moyen est 46 sur 106
Statistiques - réponses
Pokémon Taille % Correct
384 Méga-Rayquaza 10.8m
82%
384 Rayquaza 7.0m
82%
484 Palkia 4.2m
79%
484 Palkia Originelle 6.3m
79%
383 Groudon 3.5m
78%
249 Lugia 5.2m
78%
382 Kyogre 4.5m
77%
383 Primo-Groudon 5.0m
77%
483 Dialga 5.4m
75%
483 Dialga Originelle 7.0m
75%
382 Primo-Kyogre 9.8m
75%
321 Wailord 14.5m
75%
148 Draco 4.0m
74%
130 Léviator 6.5m
73%
130 Méga-Léviator 6.5m
73%
493 Arceus 3.2m
71%
149 Dracolosse 2.2m
70%
890 Éthernatos 20.0m
70%
890 Éthernatos Infinimax 100.0m
70%
487 Giratina 4.5m
69%
487 Giratina Originelle 6.9m
69%
250 Ho-Oh 3.8m
69%
095 Onix 8.8m
69%
644 Zekrom 2.9m
68%
486 Regigigas 3.7m
66%
643 Reshiram 3.2m
66%
208 Steelix 9.2m
66%
646 Kyurem 3.0m
64%
208 Méga-Steelix 10.5m
64%
646 Kyurem Blanc 3.6m
61%
646 Kyurem Noir 3.3m
61%
792 Lunala 4.0m
61%
791 Solgaleo 3.4m
61%
718 Zygarde 100% 4.5m
60%
718 Zygarde 50% 5.0m
60%
716 Xerneas 3.0m
58%
717 Yveltal 5.8m
58%
150 Méga-Mewtwo X 2.4m
56%
797 Bamboiselle 9.2m
55%
024 Arbok 3.5m
53%
799 Engloutyran 5.5m
51%
350 Milobellus 6.2m
51%
800 Necrozma 2.4m
51%
800 Ultra-Necrozma 7.5m
51%
888 Zacian 2.8m
51%
889 Zamazenta 2.9m
51%
248 Méga-Tyranocif 2.5m
49%
103 Noadkoko d'Alola 10.9m
49%
376 Méga-Métalosse 2.5m
48%
800 Necrozma Ailes de l'Aurore 4.2m
48%
800 Necrozma Crinière du Couchant 3.8m
48%
497 Majaspic 3.3m
47%
336 Séviper 2.7m
47%
720 Hoopa Unchained 6.5m
45%
464 Rhinastoc 2.4m
42%
003 Méga-Florizarre 2.4m
40%
796 Câblifère 3.8m
39%
794 Mouscoto 2.4m
38%
306 Méga-Galeking 2.2m
36%
805 Ama-Ama 5.5m
35%
381 Méga-Latios 2.3m
35%
623 Golemastoc 2.8m
30%
389 Torterra 2.2m
30%
131 Lokhlass 2.5m
29%
896 Blizzeval 2.2m
27%
699 Dragmara 2.7m
27%
115 Méga-Kangourex 2.2m
27%
115 Kangourex 2.2m
26%
473 Mammochon 2.5m
26%
460 Méga-Blizzaroi 2.7m
26%
018 Méga-Roucarnage 2.3m
26%
809 Melmetal 2.5m
26%
697 Rexillius 2.5m
26%
460 Blizzaroi 2.2m
25%
750 Bourrinos 2.5m
25%
642 Fulguris Totémique 3.0m
25%
844 Dunaconda 3.8m
22%
746 Froussardine (Forme Banc) 8.2m
22%
887 Lanssorien 3.0m
22%
319 Méga-Sharpedo 2.5m
22%
823 Corvaillus 2.2m
21%
804 Mandrillon 3.6m
21%
898 Sylveroy Cavalier de l'Effroi 2.4m
21%
898 Sylveroy Cavalier du Froid 2.4m
21%
614 Polagriffe 2.6m
19%
874 Dolman 2.5m
18%
901 Ursaking 2.4m
18%
160 Aligatueur 2.3m
17%
545 Brutapode 2.5m
17%
297 Hariyama 2.3m
17%
323 Méga-Camérupt 2.5m
17%
781 Sinistrail 3.9m
17%
780 Draïeul 3.0m
16%
839 Monthracite 2.8m
16%
851 Scolocendre 3.0m
14%
110 Smogogo de Galar 3.0m
14%
477 Noctunoir 2.2m
13%
843 Dunaja 2.2m
12%
870 Hexadron 3.0m
10%
879 Pachyradjah 3.0m
10%
593 Moyade 2.2m
9%
902 Paragruel 3.0m
9%
773 Silvallié 2.3m
9%
881 Galvagla 2.3m
8%
882 Hydragon 2.3m
8%
904 Qwilpik 2.5m
8%
Aucun quiz correspondant
Distribution des résultats
% des personnes avec chaque résultat
Percentile par nombre de réponses
Votre historique - résultats
Vous n’avez pas pris ce quiz